Phytoplankton productivity : Carbon assimilation in marine and freshwater ecosystems
में बचाया:
| स्वरूप: | पुस्तक |
|---|---|
| भाषा: | Undetermined |
| प्रकाशित: |
Oxford, UK
Blackwell Science
2002
|
| विषय: | |
| टैग : |
टैग जोड़ें
कोई टैग नहीं, इस रिकॉर्ड को टैग करने वाले पहले व्यक्ति बनें!
|
| Thư viện lưu trữ: | Trung tâm Học liệu Trường Đại học Cần Thơ |
|---|
| LEADER | 00590nam a2200193Ia 4500 | ||
|---|---|---|---|
| 001 | CTU_68148 | ||
| 008 | 210402s9999 xx 000 0 und d | ||
| 020 | |b 121 | ||
| 082 | |a 579.81776 | ||
| 082 | |b P578 | ||
| 245 | 0 | |a Phytoplankton productivity : | |
| 245 | 0 | |b Carbon assimilation in marine and freshwater ecosystems | |
| 245 | 0 | |c Edited by Peter J. le B. Williams, David N. Thomas and Colin S. Reynolds | |
| 260 | |a Oxford, UK | ||
| 260 | |b Blackwell Science | ||
| 260 | |c 2002 | ||
| 650 | |a Phytoplankton | ||
| 904 | |i Minh | ||
| 980 | |a Trung tâm Học liệu Trường Đại học Cần Thơ | ||